טוען...

Why muslims rebel: repression and resistance in the Islamic world

מידע ביבליוגרפי
מחבר ראשי: Mohammed M Hafez; Author
פורמט: Printed Book
יצא לאור: New Delhi, Viva Books Private Ltd 2005
נושאים:
LEADER 009260000a22002890004500
020 |a 81-309-0017-3 
082 |a 305.697 P5 
100 |a Mohammed M Hafez; Author 
245 |a Why muslims rebel: repression and resistance in the Islamic world 
250
260 |a New Delhi, Viva Books Private Ltd 
260 |c 2005 
460 |a xvii, 251p 
465 |a Rs. 395.00 
500 |a Includes bibliographical references and index 
500 |a Mohammed M. Hafez 
650 |a Islam 
650 |a Islam and politics 
650 |a Islamic countries 
650 |a Opposition (Political science) 
650 |a Political participation 
650 |a Political violence 
650 |a Religious aspects 
650 |a Violence 
942 |c BK 
999 |c 33948  |d 33948 
952 |0 0  |1 0  |4 0  |6 305_697000000000000_P5  |7 0  |8 ENG  |9 34248  |a MGUL  |b MGUL  |d 2013-07-16  |e Rs. 395.00  |l 5  |m 1  |o 305.697 P5  |p 34416  |r 2018-02-23  |s 2018-02-23  |w 2013-07-16  |y BK